[Event "Hessenliga 1617"]
[Site "Hessen"]
[Date "2017.03.05"]
[Round "7.5"]
[White "Glauder, Jan"]
[Black "Rothenbacher, Jochen"]
[Result "1/2-1/2"]
[WhiteElo "2018"]
[BlackElo "2138"]
[PlyCount "84"]
[EventDate "2016.09.18"]
[EventType "team-tourn"]
[EventRounds "9"]
[EventCountry "GER"]
[SourceTitle "EXT 2018"]
[Source "ChessBase"]
[SourceDate "2017.10.13"]
[SourceVersion "1"]
[SourceVersionDate "2017.10.13"]
[SourceQuality "1"]
[WhiteTeam "Hofheim II"]
[BlackTeam "Bad Nauheim"]
[WhiteTeamCountry "GER"]
[BlackTeamCountry "GER"]

1. d4 d6 2. Nf3 Nf6 3. Nc3 Nbd7 4. e4 e5 5. Bc4 exd4 6. Qxd4 Nb6 7. Bb3 Be6 8. Bxe6 fxe6 9. e5 Nfd7 10. Qg4 Nxe5 11. Nxe5 dxe5 12. Qh5+ Kd7 13. Qxe5 Qf6 14. Qb5+ c6 15. Qe2 Bb4 16. Bd2 Nd5 17. 0-0-0 Bxc3 18. Bxc3 Qf5 19. Be5 b5 20. Kb1 Rhf8 21. f3 g6 22. Rhe1 Rfe8 23. Qf2 Qf8 24. Qh4 Qf7 25. c4 bxc4 26. Qxc4 Rec8 27. Rd3 Ke8 28. Ra3 Qb7 29. Rb3 Qe7 30. Qg4 Kf7 31. Re4 a5 32. h4 h5 33. Qh3 a4 34. Rd3 Rd8 35. Qg3 Qc5 36. Qe1 Nb4 37. Rc3 Qb5 38. Bd4 Nd5 39. Rc2 c5 40. Be5 Ra6 41. Rec4 Nb4 42. R2c3 Rd5 1/2-1/2

[Event "Hessenliga 1213"]
[Site "Germany"]
[Date "2013.01.27"]
[Round "5.3"]
[White "Dunsbach, Ralf"]
[Black "Glauder, Jan"]
[Result "1/2-1/2"]
[WhiteElo "2179"]
[BlackElo "2018"]
[PlyCount "39"]
[EventDate "2012.09.16"]
[EventType "team-tourn"]
[EventRounds "9"]
[EventCountry "GER"]
[SourceTitle "EXT 2014"]
[Source "ChessBase"]
[SourceDate "2013.11.20"]
[SourceVersion "1"]
[SourceVersionDate "2013.11.20"]
[SourceQuality "1"]
[WhiteTeam "Bad Homburg"]
[BlackTeam "Eppstein"]
[WhiteTeamCountry "GER"]
[BlackTeamCountry "GER"]

1. Nf3 Nf6 2. c4 b6 3. g3 Bb7 4. Bg2 e6 5. 0-0 Be7 6. b3 0-0 7. Bb2 d5 8. d4 dxc4 9. bxc4 c5 10. e3 cxd4 11. exd4 Nbd7 12. Nbd2 Qc7 13. Rc1 Rac8 14. Qe2 Rfe8 15. Rfd1 Qb8 16. Nf1 Qa8 17. Ne3 h6 18. h4 a6 19. a4 Bc6 20. Ra1 1/2-1/2

[Event "Hessenliga 1112"]
[Site "Germany"]
[Date "2011.10.09"]
[Round "2.3"]
[White "Zuyev, Igor"]
[Black "Glauder, Jan"]
[Result "1-0"]
[WhiteElo "2348"]
[BlackElo "2018"]
[PlyCount "87"]
[EventDate "2011.09.25"]
[EventType "team-tourn"]
[EventRounds "9"]
[EventCountry "GER"]
[SourceTitle "EXT 2013"]
[Source "ChessBase"]
[SourceDate "2012.11.22"]
[SourceVersion "1"]
[SourceVersionDate "2012.11.22"]
[SourceQuality "1"]
[WhiteTeam "Heusenstamm"]
[BlackTeam "Eppstein"]
[WhiteTeamCountry "GER"]
[BlackTeamCountry "GER"]

1. e4 e6 2. d4 d5 3. Nc3 Nf6 4. Bg5 dxe4 5. Nxe4 Be7 6. Bxf6 Bxf6 7. Nf3 Nd7 8. Qd2 0-0 9. 0-0-0 Be7 10. Bd3 c5 11. Nxc5 Nxc5 12. dxc5 Qc7 13. c3 Qxc5 14. Kb1 b5 15. Qc2 h6 16. Rhe1 Bf6 17. Bh7+ Kh8 18. Be4 Rb8 19. Nd4 Bb7 20. Nb3 Qc7 21. Bxb7 Rxb7 22. Qe4 a5 23. Nc5 Ra7 24. Nd7 Rg8 25. Re3 Bg5 26. Rf3 b4 27. h4 Qd8 28. Rxf7 Qe8 29. Nf8 Rxf8 30. Rxa7 Bf6 31. cxb4 axb4 32. Rad7 Qh5 33. Qxb4 Rc8 34. Qe4 Qb5 35. R7d2 Qa6 36. g3 Ra8 37. a3 Rb8 38. Rc1 Qb5 39. Rcc2 Qb3 40. Qd3 Qb6 41. Qd7 Kh7 42. Rd6 Qb3 43. Qxe6 Qb7 44. Rdc6 1-0

[Event "Hessenliga 1011"]
[Site "Germany"]
[Date "2011.02.13"]
[Round "6.3"]
[White "Duncker, Joachim"]
[Black "Glauder, Jan"]
[Result "1-0"]
[WhiteElo "2271"]
[BlackElo "2018"]
[PlyCount "65"]
[EventDate "2010.09.26"]
[EventType "team-tourn"]
[EventRounds "9"]
[EventCountry "GER"]
[SourceTitle "EXT 2012"]
[Source "ChessBase"]
[SourceDate "2011.11.24"]
[SourceVersion "1"]
[SourceVersionDate "2011.11.24"]
[SourceQuality "1"]
[WhiteTeam "Marburg"]
[BlackTeam "Eppstein"]
[WhiteTeamCountry "GER"]
[BlackTeamCountry "GER"]

1. e4 e6 2. d4 d5 3. exd5 exd5 4. Bd3 c5 5. Nf3 Nf6 6. 0-0 Nc6 7. Nbd2 Bg4 8. dxc5 Bxc5 9. Qe1+ Qe7 10. Nb3 Qxe1 11. Rxe1+ Be7 12. Nfd4 Kd7 13. Bf5+ Bxf5 14. Nxf5 Bf8 15. Be3 h6 16. Rad1 b5 17. Nbd4 a6 18. Nxc6 Kxc6 19. Bd4 Rg8 20. Nxh6 gxh6 21. Bxf6 Bc5 22. Bd4 Bd6 23. Re3 f5 24. Rc3+ Kb7 25. Rf3 f4 26. Bc3 Rg5 27. Re1 Rag8 28. g3 h5 29. Re6 Kc7 30. Rh6 b4 31. Bd2 Rf8 32. Rxd6 Kxd6 33. Bxb4+ 1-0

[Event "Hessenliga 1011"]
[Site "Germany"]
[Date "2010.12.12"]
[Round "4.3"]
[White "Waffenschmidt, Joachim"]
[Black "Glauder, Jan"]
[Result "1/2-1/2"]
[WhiteElo "2048"]
[BlackElo "2018"]
[PlyCount "90"]
[EventDate "2010.09.26"]
[EventType "team-tourn"]
[EventRounds "9"]
[EventCountry "GER"]
[SourceTitle "EXT 2012"]
[Source "ChessBase"]
[SourceDate "2011.11.24"]
[SourceVersion "1"]
[SourceVersionDate "2011.11.24"]
[SourceQuality "1"]
[WhiteTeam "Frankfurt BvK II"]
[BlackTeam "Eppstein"]
[WhiteTeamCountry "GER"]
[BlackTeamCountry "GER"]

1. d4 Nf6 2. c4 e6 3. g3 c5 4. d5 exd5 5. cxd5 d6 6. Nc3 g6 7. Bg2 Bg7 8. Nf3 0-0 9. 0-0 Re8 10. Nd2 b6 11. Re1 Nbd7 12. Nc4 Ne5 13. Nxe5 Rxe5 14. Bf4 Re8 15. Qd3 Nh5 16. Bd2 f5 17. a4 a6 18. Rab1 Qc7 19. Bf3 Nf6 20. h4 Nd7 21. Bf4 Ne5 22. Bxe5 Bxe5 23. Kg2 Rb8 24. Rh1 h6 25. Qd2 Kg7 26. Rbe1 b5 27. axb5 axb5 28. e4 b4 29. Nd1 c4 30. h5 g5 31. exf5 Bxf5 32. Be4 Qf7 33. Qc2 Bxe4+ 34. Rxe4 Qxd5 35. Ne3 Qd3 36. Rxc4 Qxc2 37. Rxc2 Rec8 38. Rhc1 Rxc2 39. Rxc2 Rb7 40. b3 Kf6 41. Kf3 Ke6 42. Ke4 Rb5 43. Rd2 Rc5 44. Nd5 Bc3 45. Rd3 Be1 1/2-1/2

[Event "Hessenliga 1011"]
[Site "Germany"]
[Date "2010.10.31"]
[Round "2.3"]
[White "Rapoport, Vladimir"]
[Black "Glauder, Jan"]
[Result "1-0"]
[WhiteElo "2303"]
[BlackElo "2018"]
[PlyCount "125"]
[EventDate "2010.09.26"]
[EventType "team-tourn"]
[EventRounds "9"]
[EventCountry "GER"]
[SourceTitle "EXT 2012"]
[Source "ChessBase"]
[SourceDate "2011.11.24"]
[SourceVersion "1"]
[SourceVersionDate "2011.11.24"]
[SourceQuality "1"]
[WhiteTeam "Heusenstamm"]
[BlackTeam "Eppstein"]
[WhiteTeamCountry "GER"]
[BlackTeamCountry "GER"]

1. Nf3 Nf6 2. g3 b6 3. Bg2 Bb7 4. d3 d5 5. 0-0 e6 6. Nbd2 Be7 7. Qe1 c5 8. e4 Nc6 9. e5 Nd7 10. Qe2 Qc7 11. Re1 g5 12. h3 0-0-0 13. Nf1 Rdg8 14. c4 d4 15. Bd2 h5 16. g4 hxg4 17. hxg4 Nf8 18. Ng3 Ng6 19. Nh5 Nh4 20. Nxh4 gxh4 21. Nf4 Bg5 22. Rad1 Bxf4 23. Bxf4 h3 24. Bf3 f5 25. Kh2 Qf7 26. g5 Ne7 27. Bxb7+ Kxb7 28. Rg1 Ng6 29. Qf3+ Kc7 30. b4 Nh4 31. Qe2 Qh5 32. Qxh5 Rxh5 33. Rg3 Ng2 34. Bd2 f4 35. Rxh3 Nh4 36. Bxf4 Nf3+ 37. Kg3 Rxh3+ 38. Kxh3 Nxg5+ 39. Bxg5 Rxg5 40. f4 Rg6 41. bxc5 bxc5 42. Rb1 Rg8 43. a4 Rh8+ 44. Kg3 Rg8+ 45. Kf3 Rh8 46. Rg1 Rh6 47. a5 Kb7 48. Rg7+ Ka6 49. Rc7 Kxa5 50. Rxc5+ Kb4 51. Rc6 Kc3 52. f5 Rh5 53. Rxe6 Rxf5+ 54. Ke4 Rf1 55. Ra6 Re1+ 56. Kd5 Kxd3 57. Ra3+ Kc2 58. Kxd4 Rd1+ 59. Ke4 Rd7 60. e6 Rh7 61. c5 Kb2 62. Re3 a5 63. Kd5 1-0

[Event "Hessenliga 0910"]
[Site "Germany"]
[Date "2010.02.21"]
[Round "7.4"]
[White "Wind, Lutz"]
[Black "Glauder, Jan"]
[Result "1-0"]
[WhiteElo "2159"]
[BlackElo "2018"]
[PlyCount "89"]
[EventDate "2009.09.20"]
[EventType "team-tourn"]
[EventRounds "9"]
[EventCountry "GER"]
[SourceTitle "EXT 2011"]
[Source "ChessBase"]
[SourceDate "2010.11.26"]
[SourceVersion "1"]
[SourceVersionDate "2010.11.26"]
[SourceQuality "1"]
[WhiteTeam "Lorsch"]
[BlackTeam "Eppstein"]
[WhiteTeamCountry "GER"]
[BlackTeamCountry "GER"]

1. f4 d5 2. Nf3 Nf6 3. g3 g6 4. Bg2 Bg7 5. 0-0 0-0 6. d3 Nc6 7. c3 Qd6 8. Qc2 d4 9. cxd4 Nxd4 10. Nxd4 Qxd4+ 11. e3 Qd6 12. Nc3 c5 13. Kh1 a6 14. e4 e5 15. Na4 Nd7 16. Be3 b6 17. f5 Bb7 18. Rac1 Rac8 19. g4 f6 20. h4 Rfd8 21. Rfd1 Qf8 22. Nxb6 Nxb6 23. Qb3+ Qf7 24. Qxb6 gxf5 25. gxf5 Ba8 26. Qe6 Qxe6 27. fxe6 Rd6 28. Bxc5 Rdc6 29. e7 Bh6 30. Rc3 Kf7 31. Bh3 Rxc5 32. Bxc8 Rxc3 33. bxc3 a5 34. Rb1 Bd2 35. Rb8 Bc6 36. Bb7 Be8 37. Bd5+ Kxe7 38. Rb7+ Kd6 39. Rxh7 Bxc3 40. Rh6 Ke7 41. Rh7+ Kd6 42. Rh8 Bb5 43. h5 Bxd3 44. h6 f5 45. h7 1-0

[Event "Hessenliga 0910"]
[Site "Germany"]
[Date "2010.01.31"]
[Round "6.5"]
[White "Kraft, Wolfgang"]
[Black "Glauder, Jan"]
[Result "1/2-1/2"]
[WhiteElo "2134"]
[BlackElo "2018"]
[PlyCount "80"]
[EventDate "2009.09.20"]
[EventType "team-tourn"]
[EventRounds "9"]
[EventCountry "GER"]
[SourceTitle "EXT 2011"]
[Source "ChessBase"]
[SourceDate "2010.11.26"]
[SourceVersion "1"]
[SourceVersionDate "2010.11.26"]
[SourceQuality "1"]
[WhiteTeam "Dettingen"]
[BlackTeam "Eppstein"]
[WhiteTeamCountry "GER"]
[BlackTeamCountry "GER"]

1. e4 Nf6 2. e5 Nd5 3. c4 Nb6 4. a4 d6 5. a5 N6d7 6. e6 fxe6 7. d4 Nf6 8. Bd3 Nc6 9. Be3 g6 10. h4 e5 11. d5 Nd4 12. Bxd4 exd4 13. h5 gxh5 14. Ne2 e5 15. dxe6 Bxe6 16. Nxd4 Qd7 17. Nc3 Bg7 18. Qe2 Kf7 19. Nxe6 Qxe6 20. Qxe6+ Kxe6 21. Nb5 Rac8 22. Nxa7 Rce8 23. Nb5 Kf7+ 24. Kd2 Re7 25. Rae1 Rhe8 26. b3 Kg8 27. Rxe7 Rxe7 28. f3 d5 29. cxd5 Nxd5 30. Rxh5 Nf4 31. Bc4+ Kh8 32. Rc5 c6 33. Nc3 Nxg2 34. Ne4 Bd4 35. Rf5 Nh4 36. Rf8+ Kg7 37. Rg8+ Kh6 38. Rf8 Nxf3+ 39. Rxf3 Rxe4 40. Rf7 Re5 1/2-1/2

[Event "Hessenliga 0910"]
[Site "Germany"]
[Date "2009.11.01"]
[Round "3.6"]
[White "Hanemann, Ingo"]
[Black "Glauder, Jan"]
[Result "1-0"]
[WhiteElo "2188"]
[BlackElo "2018"]
[PlyCount "83"]
[EventDate "2009.09.20"]
[EventType "team-tourn"]
[EventRounds "9"]
[EventCountry "GER"]
[SourceTitle "EXT 2011"]
[Source "ChessBase"]
[SourceDate "2010.11.26"]
[SourceVersion "1"]
[SourceVersionDate "2010.11.26"]
[SourceQuality "1"]
[WhiteTeam "Bad Homburg"]
[BlackTeam "Eppstein"]
[WhiteTeamCountry "GER"]
[BlackTeamCountry "GER"]

1. d4 Nf6 2. Bg5 d5 3. Bxf6 exf6 4. e3 Bd6 5. Bd3 Be6 6. Nd2 f5 7. Qf3 g6 8. h4 h5 9. Ne2 c6 10. Nf4 Nd7 11. 0-0-0 Qe7 12. c4 Nf6 13. Kb1 Bxf4 14. Qxf4 dxc4 15. Nxc4 Bxc4 16. Bxc4 Qe4+ 17. Qxe4+ Nxe4 18. Rhf1 Nf6 19. f3 0-0 20. Rd3 Rae8 21. Rc1 Re7 22. Kc2 Rd8 23. Kd2 Kg7 24. g3 Red7 25. b4 a6 26. Bb3 Nd5 27. a3 Re7 28. Rc5 Red7 29. Bxd5 Rxd5 30. Rxd5 Rxd5 31. Kc3 Kf6 32. e4 fxe4 33. fxe4 Rd8 34. Rf3+ Ke6 35. Kc4 b6 36. e5 f5 37. exf6 Rf8 38. f7 Rxf7 39. Rxf7 Kxf7 40. d5 Ke7 41. dxc6 Kd6 42. b5 1-0

[Event "Hessenliga 0910"]
[Site "Germany"]
[Date "2009.10.04"]
[Round "2.5"]
[White "Emmerich, Dirk"]
[Black "Glauder, Jan"]
[Result "0-1"]
[WhiteElo "2222"]
[BlackElo "2018"]
[PlyCount "60"]
[EventDate "2009.09.20"]
[EventType "team-tourn"]
[EventRounds "9"]
[EventCountry "GER"]
[SourceTitle "EXT 2011"]
[Source "ChessBase"]
[SourceDate "2010.11.26"]
[SourceVersion "1"]
[SourceVersionDate "2010.11.26"]
[SourceQuality "1"]
[WhiteTeam "Dotzheim"]
[BlackTeam "Eppstein"]
[WhiteTeamCountry "GER"]
[BlackTeamCountry "GER"]

1. e4 Nf6 2. d3 e5 3. g3 d5 4. Qe2 Nc6 5. Nf3 dxe4 6. dxe4 Bc5 7. Bg2 0-0 8. 0-0 Bg4 9. c3 a5 10. h3 Bc8 11. Rd1 Qe7 12. Nh4 g6 13. Bg5 Nd8 14. Nd2 Kg7 15. Nc4 h6 16. Be3 Bxe3 17. Nxe3 c6 18. Rd3 Be6 19. f4 exf4 20. gxf4 Nxe4 21. Qe1 f5 22. Nc2 Bd5 23. Nd4 Ne6 24. Rg3 Nxg3 25. Qxg3 Qf6 26. Ndxf5+ Kh7 27. Ne3 Bxg2 28. Nexg2 Nxf4 29. Re1 Nxg2 30. Kxg2 Rf7 0-1